MARC

LEADER 00000nam0a2200000 4500
001 302392
005 20231102001510.0
035 |a (RuTPU)RU\TPU\book\327599 
090 |a 302392 
100 |a 20150821d1968 k y0rusy50 ca 
101 0 |a rus 
102 |a RU 
105 |a a z 001zy 
200 1 |a Системы возбуждения, регулирования и устойчивость синхронных машин  |f Академия наук СССР (АН СССР), Институт электромеханики ; под ред. А. В. Емельянова 
210 |a Ленинград  |c Наука  |d 1968 
215 |a 207 с.  |c ил. 
320 |a Библиография в конце статей 
606 1 |a Электрические машины, синхронные  |x Возбуждение  |2 stltpush  |3 (RuTPU)RU\TPU\subj\27219  |9 51010 
610 1 |a регулирование 
610 1 |a устойчивость 
610 1 |a синхронные компенсаторы 
610 1 |a синхронные двигатели 
610 1 |a синхронные генераторы 
675 |a 621.313.32.013  |v 3 
702 1 |a Емельянов  |b А. В.  |4 340 
712 0 2 |a Академия наук СССР (АН СССР)  |b Институт электромеханики  |2 stltpush  |3 (RuTPU)RU\TPU\col\19758 
801 1 |a RU  |b 63413507  |c 20150821 
801 2 |a RU  |b 63413507  |c 20221116  |g RCR 
942 |c BK